| 000 | 00759cam a22002413a 4500 | ||
|---|---|---|---|
| 001 | 15520 | ||
| 003 | PGUSA | ||
| 005 | 20140828083330.0 | ||
| 008 | 050401s2005||||xxu|||||s|||||000 | eng d | ||
| 040 |
_aPGUSA _beng |
||
| 042 | _adc | ||
| 050 | 4 | _aDT | |
| 100 | 1 |
_aBennett, Ernest Nathaniel, _cSir, _d1868-1947 |
|
| 245 | 1 | 0 |
_aWith Methuen's Column on an Ambulance Train _h[electronic resource] / _cErnest Nathaniel, Bennett |
| 260 |
_bProject Gutenberg, _c2005 |
||
| 506 | _aPublic domain in the USA. | ||
| 516 | _aElectronic text | ||
| 653 | _aRed Cross and Red Crescent | ||
| 653 | _aSouth African War, 1899-1902 -- Hospitals, charities, etc. | ||
| 830 | 0 |
_aProject Gutenberg _v15520 |
|
| 856 | 4 | 0 | _uhttp://www.gutenberg.org/ebooks/15520 |
| 942 | _cEB | ||
| 999 |
_c244775 _d244775 |
||